000 00787cam a22002412 4500
001 0000003929
005 20151217145745.0
008 070517s xx 000 0 eng d
020 _a0471585890 :
_cGBP 57.50
040 _aKABU
_cKABU
050 0 _aQD251.2
_b.M37 2001
100 1 _aSmith, Michael B.
_@0000154183
245 1 0 _aMarch's advanced organic chemistry :
_breactions, mechanisms and structure /
_cMichael B. Smith, Jerry March.
250 _a5th ed.
260 _aNew York :
_bJ. Wiley,
_c2001.
300 _axviii, 2083 p.
650 0 _aChemistry, Organic.
_@0000154158
700 1 _aMarch, Jerry.
_@0000154055
908 _a070517
950 _@1
999 _c2312
_d2312